Salinity and aridity: new approaches to old problems
Na minha lista:
| Autor principal: | |
|---|---|
| Formato: | Livro |
| Idioma: | inglês |
| Publicado em: |
La Haya
W. Junk
1966
|
| coleção: | Monographiae biologicae
|
| Assuntos: | |
| Tags: |
Adicionar Tag
Sem tags, seja o primeiro a adicionar uma tag!
|
MARC
| LEADER | 00000nam a2200000 a 4500 | ||
|---|---|---|---|
| 001 | UCV7483 | ||
| 003 | CL-VaPUC | ||
| 008 | 930329e19660000NE |||||||||||||||||eng|d | ||
| 082 | 0 | 4 | |a 631.416 |b BOY |2 21 |
| 100 | 0 | |a Boyko, Hugo |e author |9 301613 | |
| 245 | 1 | 0 | |a Salinity and aridity: new approaches to old problems |
| 300 | |a 408 p | ||
| 942 | |c BK | ||
| 945 | |d 19930329 00:00:00 | ||
| 260 | |a La Haya |b W. Junk |c 1966 | ||
| 650 | 7 | |a SALINIDAD |2 CL-VaPUC |9 263023 | |
| 650 | 7 | |a REGIONES ARIDAS |2 CL-VaPUC |9 264919 | |
| 583 | |a last modification |c 19930329 00:00:00 |k Rodrigo Vera | ||
| 490 | 0 | |a Monographiae biologicae | |
| 999 | |c 213152 |d 213150 | ||